000 01241nam0a22002291 4500
001 rc\1093810
005 20250622143740.0
035 _a(NLR Aleph) 006340248
090 _a7633623
_c7633623
100 _a20041126d1984 |||y0rusy50 ca
101 0 _arus
102 _aRU
105 _aa |||||||||
200 1 _aПрограммный комплекс расчета систем вентиляции, аспирации и пневмотранспорта (ПАУК-ОС)
_f[Кричевская М.А. и др.]
210 _aМ.
_cЦНИИпроект
_d1984
215 _a[1], 59 с., 2 л. табл.
_d20
225 1 _aИнженерно-технический раздел
_fЦентр. н.-и. и проект.-эксперим. ин-т по методологии, орг, экономике и автоматизации проектирования и инж. изысканий, Гос. фонд алгоритмов и прогр., Межотрасл. фонд алгоритмов и прогр. автоматизир. систем в стр-ве (МОФАП АСС)
_v1-264. ЕС ЭВМ, ОС, Фортран-IV
801 0 _aRU
_bNLR
_gpsbo
801 1 _aRU
_bELAR
_2rusmarc
852 _aNLR
_j85-4/21221
942 _cBOOK
980 _aNB